Curiosidad /

Detalles Bibliográficos
Otros Autores: Monrabà, Genís (Traductor)
Formato: Electrónico eBook
Lenguaje:español
inglés
Publicado: Barcelona : Reverté Management, [2024]
Colección:HBR emotional intelligence series.
Materias:
Acceso en línea:Digitalia Hispánica

MARC

LEADER 00000nam a2200000Ii 4500
001 DIGREVMGM0090
003 NyNyDIG
006 m o d
007 cr |||||||||||
008 241203s2024 sp o 001 0 spa d
035 |a (OCoLC)1458761026 
040 |a DGITA  |b eng  |e rda  |e pn  |c DGITA 
020 |a 9788429198317  |q pdf 
020 |a 9788429198300  |q ePub 
020 |z 9788417963927  |q papel 
041 1 |a spa  |h eng 
050 1 4 |a BF323.C8 ebook 
082 0 4 |a 152.4  |2 23 
130 0 |a Curiosity.  |l Spanish  |s (Monrabà) 
245 1 0 |a Curiosidad /  |c traducción, Genís Monrabà Bueno. 
264 1 |a Barcelona :  |b Reverté Management,  |c [2024] 
300 |a 1 online resource. 
336 |a text  |b txt  |2 rdacontent 
337 |a computer  |b c  |2 rdamedia 
338 |a online resource  |b cr  |2 rdacarrier 
347 |a text file  |2 rdaft 
347 |b PDF 
347 |b EPUB 
490 1 |a Serie Inteligencia Emocional de HBR 
500 |a Includes index. 
588 0 |a Online resource; title from PDF title page (Digitalia, viewed December 3, 2024) 
650 0 |a Curiosity. 
650 0 |a Emotional intelligence. 
650 0 |a Empathy. 
650 0 |a Self-consciousness (Awareness) 
650 0 |a Compassion. 
700 1 |a Monrabà, Genís,  |e translator. 
730 0 |i Translation of:  |a Curiosity. 
791 2 |a Digitalia (Firm),  |e distributor. 
793 0 |g Digitalia eBook Collection:  |a Reverté Management 
776 0 8 |i Print version:  |a Curiosity. Spanish (Monrabà).  |s Curiosity. Spanish (Monrabà).  |t Curiosidad.  |d Barcelona : Reverté Management, [2024]  |z 9788417963927 
830 0 |a HBR emotional intelligence series. 
856 4 0 |3 Digitalia Hispánica  |u https://www.digitaliapublishing.com/a/160933/ 
910 |a Premium collection: 2024